00503nam a2200145Ia 4500008004100000041000800041082001600049100002100065245004200086260004400128300003100172365001100203999001700214952012600231240624s9999 xx 000 0 und d aeng a658.453 KHA aKHAN RAO ARIF AU aENCYCLOPEDIA OF EDITING AND REPORTING c2010aMumbaibHimalaya Publishing House avii, : 368 : p. : cm. ; 22 cRSb30 c19518d19518 00104070aIMTNbIMTNcRack 33-Ad2012-09-27eHPHPLg5000.00o658.453 KHAp19518r2024-06-24 00:00:00t1w2024-06-24yBK